Knitting patterns for dummies / (Record no. 307)

MARC details
000 -LEADER
fixed length control field 01073cam a2200301 a 4500
005 - DATE AND TIME OF LATEST TRANSACTION
control field 20260322212014.0
008 - FIXED-LENGTH DATA ELEMENTS--GENERAL INFORMATION
fixed length control field data
010 ## - LIBRARY OF CONGRESS CONTROL NUMBER
LC control number 2007934455
015 ## - NATIONAL BIBLIOGRAPHY NUMBER
National bibliography number GBA757628
Source bnb
016 7# - NATIONAL BIBLIOGRAPHIC AGENCY CONTROL NUMBER
Record control number 013800031
Source Uk
020 ## - INTERNATIONAL STANDARD BOOK NUMBER
International Standard Book Number 9780470045565 (pbk.)
020 ## - INTERNATIONAL STANDARD BOOK NUMBER
International Standard Book Number 0470045566 (pbk.)
040 ## - CATALOGING SOURCE
Original cataloging agency FSM
Transcribing agency FSM
Modifying agency DLC
-- AU@
-- UKM
-- BTCTA
-- IK2
-- JRZ
-- DLC
042 ## - AUTHENTICATION CODE
Authentication code lccopycat
050 00 - LIBRARY OF CONGRESS CALL NUMBER
Classification number TT820
Item number .P6654 2007
082 04 - DEWEY DECIMAL CLASSIFICATION NUMBER
Classification number 746.432043
Edition information 22
092 ## - LOCALLY ASSIGNED DEWEY CALL NUMBER (OCLC)
Classification number 746.43 P6654 2007
001 - CONTROL NUMBER
control field data
100 1# - MAIN ENTRY--PERSONAL NAME
Personal name Porter, Kristi.
245 10 - TITLE STATEMENT
Title Knitting patterns for dummies /
Statement of responsibility, etc. Kristi Porter.
260 ## - PUBLICATION, DISTRIBUTION, ETC.
Place of publication, distribution, etc. Hoboken, NJ :
Name of publisher, distributor, etc. Wiley Pub.,
Date of publication, distribution, etc. c2007.
300 ## - PHYSICAL DESCRIPTION
Extent xvi, 293 p., [8] p. of plates :
Other physical details ill. (some col.) ;
Dimensions 28 cm.
440 #0 - SERIES STATEMENT/ADDED ENTRY--TITLE
Title --For dummies
500 ## - GENERAL NOTE
General note Includes index.
520 ## - SUMMARY, ETC.
Summary, etc. Demonstrates how to improve a person's knitting skills with line diagrams and step-by-step instructions on over forty patterns and projects, including scarves, cushions, and baby clothes.--
Assigning source Source other than Library of Congress.
650 #0 - SUBJECT ADDED ENTRY--TOPICAL TERM
Topical term or geographic name entry element Knitting
Form subdivision Patterns.
650 #7 - SUBJECT ADDED ENTRY--TOPICAL TERM
Topical term or geographic name entry element Knitting
Form subdivision Patterns.
Source of heading or term sears
Holdings
Withdrawn status Lost status Damaged status Not for loan Home library Current library Shelving location Date acquired Total checkouts Full call number Barcode Date last seen Price effective from Koha item type
        Fairfield Fairfield General stacks 22/03/2026   746.432043 22 BC0010316 22/03/2026 22/03/2026 Books